000 01280namaa22003371i 4500
003 EG-GICUC
005 20260212124423.0
008 260212s1993 ua ||||jr|||| 000 0 ara d
017 _a92 / 10388
_bدار الكتب والوثائق القومية (مصر)
040 _aEG-GiCUC
_bara
_cEG-GiCUC
_dEG-GiCUC
_erda
043 _af-ua---
082 0 4 _221
_a953
_bY29s
092 0 4 _221
_a953
_bY29s
099 _a953 Y29s
100 1 _aيسين، السيد
_eمؤلف.
245 1 2 _aالشخصية العربية :
_bبين صورة الذات ومفهوم الآخر /
_cالسيد يسين
250 _aالطبعة الاولى
264 _aالقاهرة (مصر) :
_bمكتبة مدبولى،
_c1993.
300 _a391 صفحة ؛
_c21 سم
_bإيضاحيات، صور، مثيليات ؛ Illustrations
336 _2rdacontent
_atext
337 _2rdamedia
_aUnmediated
338 _2rdacarrier
_avolume
500 _aمتعدد الاصدارات
504 _a337-391ببليوجرافيا: صفحات.
541 _aد. جابر عصفور ؛
_bالقاهرة ؛
_cإهداء ؛
_d2024.
650 1 7 _aالقومية العربية
_2qrmak
650 1 7 _aالحضارة العربية
_2qrmak
651 1 _2qrmak
905 _aNermeen
942 _2ddc
_cBK
_e21
_n0
999 _c178416
_d178416